Pays ayant eu un joueur lauréat du ballon d'or - Statistiques

Statistiques générales
  • Ce quiz a été pris 816 fois
    723 depuis la dernière actualisation
  • Le résultat moyen est 15 sur 20
Statistiques - réponses
Nombre de ballons d'or Pays % Correct
6 Argentine
100%
6 France
100%
5 Brésil
99%
7 Portugal
99%
7 Allemagne
97%
5 Italie
97%
3 Espagne
95%
5 Angleterre
94%
7 Pays-Bas
89%
1 Croatie
75%
1 Ukraine
67%
3 Union soviétique
67%
1 Hongrie
64%
2 République Tchèque
64%
1 Liberia
56%
1 Danemark
54%
1 Écosse
49%
1 Bulgarie
46%
1 Irlande du Nord
39%
1 tchecoslovaquie
30%
Aucun quiz correspondant
Distribution des résultats
% des personnes avec chaque résultat
Percentile par nombre de réponses
Votre historique - résultats
Vous n’avez pas pris ce quiz depuis la dernière actualisation